| 000 | 00476cam a2200193ua 4500 | ||
|---|---|---|---|
| 020 | _cRs 65.00 | ||
| 041 |
_aeng _h |
||
| 082 |
_a658.4034 _bCHI/TE |
||
| 100 | _aChitale, A K. | ||
| 245 |
_aText book of operations research / _cA K Chitale. _hTextual Documents |
||
| 250 |
_a1 / _b. |
||
| 260 |
_aNew Delhi : _bJain Brothers , _c1992. |
||
| 300 | _a491 ; . | ||
| 365 | _aRs 65.00 | ||
| 504 | _a | ||
| 700 | 1 | _aJayant, Negi. | |
| 942 | _cBK | ||
| 999 |
_c295 _d295 |
||